Aleagio! : tutte le avventure di Aleagio Vaccarezza /

Gespeichert in:
Bibliographische Detailangaben
1. Verfasser: Vanzella, Luca
Weitere Verfasser: Genovese, Luca, (1977- )
Format: Buch
Sprache:Italienisch
Veröffentlicht: Bologna : Renbooks, 2013
Tags: Tag hinzufügen
Keine Tags, Fügen Sie das erste Tag hinzu!

MARC

LEADER 00000nam a22000007i 4500
001 IT\ICCU\UBO\4134297
003 ItRI
005 20260115232156.0
008 150430s2013 it |||||| ||||| |||||c
020 |a 9788890918520 
040 |b ita  |c importazione bologna sebina 
041 7 |a ita  |2 ISO-639-2 
100 1 |a Vanzella, Luca  |0 IT\ICCU\VIAV\113983 
245 1 0 |a Aleagio! :  |b tutte le avventure di Aleagio Vaccarezza /  |c Luca Vanzella , Luca Genovese. 
260 |a Bologna :  |b Renbooks,  |c 2013 
300 |a 1 v. :  |b in gran parte ill. ;  |c 24 cm 
700 1 |a Genovese, Luca,  |d  (1977- )  |0 IT\ICCU\BVEV\127984 
942 |2 ddc  |c BK  |n 0 
952 |0 0  |1 0  |4 0  |6 F_741_594000000000000_VAN  |7 0  |9 21423  |a BO  |b BO  |d 2026-01-15  |i 17719  |l 0  |o F 741.594 VAN  |p BO17719  |r 2026-01-15 23:21:56  |w 2026-01-15  |x [Sebina 5] [1 v.]  |y BK  |z 1 v. (2. copia) 
952 |0 0  |1 0  |4 0  |6 F_741_594000000000000_VAN  |7 0  |9 21424  |a BO  |b BO  |d 2026-01-15  |i 17720  |l 0  |o F 741.594 VAN  |p BO17720  |r 2026-01-15 23:21:56  |w 2026-01-15  |x [Sebina 5] [1 v.]  |y BK  |z 1 v. 
999 |c 18292  |d 18292